Responses for show #7310 - Friday, May 27, 2016

Buzzy Cohen game 10.

Contestants

Megan Hauser, an editor and stay-at-home parent from Chicago, Illinois

Erin Delaney, an English professor from North Hills, California

Buzzy Cohen, a music executive from Los Angeles, California (whose 9-day cash winnings total $164,603)

Jeopardy! Round responses

SHE-CAGO
NUMERICAL LIT
I'M SO JELLY
PODCASTS
LAND DOWN UNDER ADJACENT-ISH
CLASSIFIED 3 F
    $200 14
Michelle Obama

Megan
    $200 1
One Flew Over the Cuckoo's Nest

Buzzy
    $200 11
petroleum jelly

Megan
    $200 6
homonym

Erin
    $200 22
New Zealand

Megan
    $400 15
Oprah Winfrey

Buzzy
    $400 2
Slaughterhouse-Five

Buzzy
    $400 12
Trader Joe's

Erin
    $400 7
NPR

Megan
    $400 26
the Philippines

Triple Stumper
    $400 19
(Erin: What is blastoff?)
...
(Alex: Yes, 3 F is the category.)

liftoff

ErinMegan
    $600 25
(Alex: That's right, with less than a minute to go now.)

Rockefeller

Buzzy
    $600 3
Four

Erin
    $600 13
queen

Megan
    $600 8
"As Time Goes By"

Buzzy
    $600 27
Brunei

Megan
    $600 18
self-sufficient

Triple Stumper
    $800 24
Marlee Matlin

Megan
    $1,000 4
1984

Erin
    $800 16
shoes

Megan
    $800 9
Marc Maron

Erin
    $800 29
[The end-of-round signal sounds.]

Java

Buzzy
    $800 20
the facts of life

Erin
    $1000 23
Jane Addams

Megan
    $1000 5
the Mast

Triple Stumper
    $1000 17
Jelly Roll Morton

Triple Stumper
    $1000 10
Joe Rogan

Erin
    $1000 28
Fiji

Triple Stumper
    $1000 21
Hasenpfeffer

Triple Stumper

Scores at the first commercial break (after clue 15):

Buzzy Erin Megan
$1,600 $4,000 $1,400

Scores at the end of the Jeopardy! Round:

Buzzy Erin Megan
$3,000 $4,400 $5,200

Double Jeopardy! Round responses

FEAR
SURPRISE
RUTHLESS EFFICIENCY
ALMOST FANATICAL DEVOTION
NICE RED UNIFORMS!
THE SPANISH INQUISITION
    $400 1
the Blair Witch

Buzzy
    $400 19
shock

Megan
    $400 6
overtime

Buzzy
    $400 11
Stephen Colbert

Erin
    $400 16
(Erin: What is the Revolutionary War?)

the Civil War

Erin
Triple Stumper
    $400 17
Ferdinand & Isabella

Erin
    $800 2
Paranormal Activity

Erin
    $800 20
(Buzzy: What is "out of"?)

the bolt

BuzzyMegan
    $800 7
marketing

Buzzy
    $800 12
Phish

Erin
    $800 27
Mounties

Buzzy
    $800 18
faith

Buzzy
    $1200 3
The Texas Chain Saw Massacre

Erin
    $1200 21
dumbstruck (or dumbfounded)

Erin
    $4,000 8
ergonomics

Buzzy
    $1200 13
Cycle

Megan
    $1200 26
(Buzzy: What is Ireland?)
(Alex: Be more specific.)

Northern Ireland

Buzzy
    $1200 30
burned at the stake

Triple Stumper
    $1600 4
(Megan: Who is Freddy Krueger?)

Mrs. Voorhees (Jason's mom)

ErinMegan
    $1600 22
the startle reflex

Megan
    $1600 9
coal

Buzzy
    $1600 14
the tasting menu

Megan
    $2,000 25
(Megan: [Exhales deeply] What is the Red Hats?)

the Swiss Guards

Megan
    $1600 29
Inquisitor General

Triple Stumper
    $2000 5
The Babadook

Erin
    $2000 23
Wonder

Triple Stumper
    $2000 10
friction

Erin
    $2000 15
(le) mot juste

Erin
    $2000 24
(Buzzy: Who are the Redcoats?)

the "Thin Red Line"

Buzzy
Triple Stumper
    $2000 28
(Buzzy: Who is Loyola? ... Who is [*]?)

Ignatius Loyola

Buzzy

Scores at the end of the Double Jeopardy! Round:

Buzzy Erin Megan
$12,200 $16,400 $7,200

[wagering suggestions for these scores]

Final Jeopardy! Round responses

19th CENTURY NOVELS
(Alex: Erin Delaney is an English professor. This is a fastball right down the middle, and she gets it. She hits it out of the park. Did she risk enough? Yes, she did. She is our new champion. $24,401. And Buzzy Cohen is going away with about $165,000, so we'll see him in our upcoming Tournament of Champions.)
MeganWhat is Treasure Island?
$7,000
BuzzyWhat is Treasure Island?
$8,000
ErinWhat is Treasure Island?
$8,001
Treasure Island

Final scores:

Buzzy Erin Megan
$20,200 $24,401 $14,200
2nd place: $2,000 New champion: $24,401 3rd place: $1,000

Game dynamics:

Coryat scores:

Buzzy Erin Megan
$9,400 $16,200 $9,200
15 R
(including 1 DD),
2 W
17 R
(including 1 DD),
2 W
15 R,
2 W
(including 1 DD)

Combined Coryat: $34,800

The J! Archive is created by fans, for fans. The Jeopardy! game show and all elements thereof, including but not limited to copyright and trademark thereto, are the property of Jeopardy Productions, Inc. and are protected under law. This website is not affiliated with, sponsored by, or operated by Jeopardy Productions, Inc. Join the discussion at JBoard.tv.